000 00279 a2200097 4500
020 _a9789348705785
100 _aKahlil Gibran
245 _aManushyaputhranaya Yesu(മനുഷ്യപുത്രനായ യേശു)
260 _bIndulekha Media Network
_c2025
942 _cOO
999 _c116154
_d116153